Statistiques concernant Pays et leurs Capitales avec le moins de lettres

Cliquez ici pour prendre le quiz!

Statistiques générales

  • Ce quiz a été pris 711 fois
  • Le résultat moyen est 21 sur 44

Statistiques - réponses

Nombre de LettresPays/Capitale% Correct
11France
82%
11Paris
79%
10Japon
73%
10Chine
72%
8Togo
71%
10Italie
70%
10Tokyo
70%
10Pékin
68%
10Rome
67%
9Pérou
59%
11Suisse
59%
10Maroc
58%
11Berne
56%
9Lima
56%
10Irak
53%
10Rabat
53%
11Iran
51%
8Lomé
48%
9Qatar
48%
10Bagdad
46%
10Mali
46%
11Norvège
46%
11Oslo
45%
9Fidji
44%
10Ghana
43%
11Téhéran
43%
11Oman
41%
10Yémen
41%
9Doha
40%
9Samoa
39%
10Syrie
39%
10Bamako
37%
11Niger
36%
10Nauru
33%
10Accra
32%
10Damas
32%
11Kiev
28%
9Suva
28%
11Ukraine
28%
10Sanaa
27%
9Apia
24%
11Niamey
23%
11Mascate
20%
10Yaren
16%

Distribution des résultats

Percentile par nombre de réponses

% des personnes avec chaque résultat

Votre développement - résultats

Vous n’avez pas pris ce quiz